Macroeconomics/ (Record no. 165197)
[ view plain ]
| 000 -LEADER | |
|---|---|
| fixed length control field | 00723nam a2200217 4500 |
| 005 - DATE AND TIME OF LATEST TRANSACTION | |
| control field | 20230724150314.0 |
| 010 ## - LCCN (DPL NO) | |
| LC control number | ENG-125521 ENG-137341 |
| 020 ## - INTERNATIONAL STANDARD BOOK NUMBER | |
| International Standard Book Number | 9789353162597 |
| Terms of availability | 795.00 |
| 035 ## - SYSTEM CONTROL NUMBER | |
| System control number | EN-109053 EN-120873 |
| 037 ## - SOURCE OF ACQUISITION | |
| Source of stock number/acquisition | DBAD/PUB |
| 082 ## - DEWEY DECIMAL CLASSIFICATION NUMBER | |
| Classification number | 339 |
| 100 ## - MAIN ENTRY--PERSONAL NAME | |
| Personal name | Dorngusch, Rudiger |
| 245 ## - TITLE STATEMENT | |
| Title | Macroeconomics/ |
| Statement of responsibility, etc | by Rudiger Dornbusch, Stanley Fischer [and] Richard Startz |
| 260 ## - PUBLICATION, DISTRIBUTION, ETC. (IMPRINT) | |
| Place of publication, distribution, etc | Chennai |
| Name of publisher, distributor, etc | Mc Graw Hill Education |
| Date of publication, distribution, etc | 2014 |
| 270 ## - ADDRESS | |
| Address | 444/1, Sri Ekambara Naickr, Industrial Estate |
| City | Alapakkam Porur, Chennai |
| Postal code | 600116 |
| Telephone number | 18001035875 |
| 300 ## - PHYSICAL DESCRIPTION | |
| Extent | 652p. |
| Dimensions | 24cm(pbk) |
| 500 ## - GENERAL NOTE | |
| General note | Includes index |
| 700 ## - ADDED ENTRY--PERSONAL NAME | |
| Personal name | Fischer, Stanley |
| 700 ## - ADDED ENTRY--PERSONAL NAME | |
| Personal name | Startz, Richard |
| 942 ## - ADDED ENTRY ELEMENTS (KOHA) | |
| Source of classification or shelving scheme | Dewey Decimal Classification |
| Item type | English Books |
| Classification part | 339 |
| Call number suffix | DOR |
| Withdrawn status | Lost status | Not for loan | Collection code | Home library | Current library | Date acquired | Source of acquisition | Cost, normal purchase price | Full call number | Barcode | Copy number | Cost, replacement price | Koha item type |
|---|---|---|---|---|---|---|---|---|---|---|---|---|---|
| Non-fiction | Narela | Narela | 10/07/2023 | DBAD/PUB | 795.00 | 339 DOR | EN-120873 | 1 | 795.00 | English Books | |||
| Non-fiction | Shahdara Branch | Shahdara Branch | 11/06/2019 | DBAD/PUB | 795.00 | 339 DOR | EN-109053 | 1 | 795.00 | English Books |
